000 00669nam a2200217 a 4500
001 12821
003 BD-JhCC
005 20230516101142.0
008 230516s2021 bg |||| |||| 000 0 b d
020 _a9789843489098
035 _a(BD-JhCC)12821
040 _aBD-JhCC
_dBD-JhCC
041 _aben
082 _a297.74
_bAHA 2021
100 _aআহমেদ, রাফান
245 _aভাবনার মোহনায় /
_cরাফান আহমেদ
260 _aঢাকা :
_bমিনারাহ পাবলিকেশ,
_c২০২১
300 _a২২০ পৃ. :
_c২১ সেমি.
650 _aDawah
_vIslam
942 _2ddc
_cBK
999 _c12821
_d12821